| 000 | 00504cam a2200205ua 4500 | ||
|---|---|---|---|
| 001 | 8485 | ||
| 005 | 20260515114336.0 | ||
| 008 | 150202n ii |||gr||||Z||||||asm | ||
| 040 | _cMAIN | ||
| 041 | _aasm | ||
| 082 | _a491.451 | ||
| 100 |
_aBoruak, Bhimkanta, _eAuthor. |
||
| 245 | 1 | 0 |
_aAsamar bhasa _cby Bhimkanta Boruah |
| 250 | _a5th. | ||
| 260 |
_aDibrugarh: _bBanalata, _c2010. |
||
| 300 | _a237p. | ||
| 653 | _aEast Indo-European & Celtic languages | ||
| 653 | _aAssamese language | ||
| 942 | _cBK | ||
| 999 |
_c7587 _d7587 |
||